000 01808nam a22003737c 4500
001 59519
003 CO-BoRNBP
005 20251022150150.0
007 ta
008 250128b2025 ck a|||gr|||| 000 jdspa d
020 _a9786287609297
040 _aCO-BoRNBP
_bspa
_erda
_cCO-BoRNBP
041 0 _aspa
043 _as-ck---
084 _aC
100 _aSanín Paz, Carolina,
_d1973-
_eaut
_938975
245 1 3 _aEl libro que imaginas /
_cCarolina Sanín Paz ; ilustraciones de Santiago Guevara.
250 _aEdición especial
264 1 _aBogotá, Colombia :
_bBabel Libros,
_c2025
300 _a111, 16 páginas sin numerar :
_bilustraciones en blanco y negro,
336 _atexto
_btxt
_2rdacontenido
337 _asin mediación
_bn
_2rdamedio
338 _avolumen
_bnc
_2rdasoporte
520 _aEl mundo sería un lugar menos interesante si no tuviéramos la imaginación, pero ¿qué es imaginar?, ¿donde está lo que imaginamos?, ¿de dónde obtiene la imaginación ese poder que nos permite vivir en este y en otros mundos a la vez? En este libro Carolina trata de dar respuesta a muchas preguntas sobre este tema; Santiago sigue sus pensamientos y les da forma, página por página. Seguramente no encontraremos la respuesta, pero nuestra imaginación crecerá aún más después de su lectura
521 _aRecomendado para un público adulto
545 _aIncluye datos biográficos de la autora y del ilustrador
650 0 7 _aArte de escribir en la literatura
_2lemb
_965822
650 0 7 _aCreatinina en la literatura
_2lemb
_961801
650 0 7 _aFilosofía de la mente en la literatura
_2lemb
_965823
650 0 4 _aCuentos colombianos
_ySiglo XX
_2LEMB
_91206
650 0 4 _aLiteratura colombiana
_2LEMB
_91068
700 _aGuevara, Santiago,
_d1990- ,
_eill
_965802
942 _2loc
_cBKLIT
999 _c59519
_d59519